00503nam a2200133Ia 4500008004100000100002300041245006200064245004100126260004900167650001300216856004800229999001900277952007300296170221s9999 xx 000 0 und d aBaryeh, Loretta N. 2aA brief survey of the impact of block holders on earnings cLoretta N. Baryeh, Albright College. bJournal of Management and Marketing Research xBusiness uhttp://www.aabri.com/manuscripts/141781.pdf c307361d307361 001040aCLbCLd2017-02-21l0r2017-02-21 00:00:00w2017-02-21yFOJ